| 000 | 00602nam a2200193 a 4500 | ||
|---|---|---|---|
| 005 | 20140310183448.0 | ||
| 008 | 081127s19uu xx 00 eng d | ||
| 020 | _a9781847206275 | ||
| 050 |
_aHD 60 _b.En587 2006 |
||
| 245 |
_aEntrepreneurship as social change : _ba third movements in entrepreneurship book / _cedited by Chris Steyaert. |
||
| 260 |
_aUnited Kingdom : _bEdward Elgar Publishing, _c2006. |
||
| 300 |
_a327 p. : _c25 cm. |
||
| 521 | _aBSBA | ||
| 650 | _aSocial entrepreneurship. | ||
| 650 | _aSocial change. | ||
| 700 | _aHjorth, Daniel | ||
| 942 |
_cBK _2lcc _kFOR |
||
| 999 |
_c23297 _d23297 |
||